| 000 | 00794nam a2200241 a 4500 | ||
|---|---|---|---|
| 001 | 25150 | ||
| 003 | BD-RjUL | ||
| 005 | 20211209050834.0 | ||
| 008 | 140316s1924 nyubcf 000 0deng d | ||
| 035 |
_a(BD-RjUL)25219 _aOCLC 1895766 from poo001 |
||
| 040 |
_aDLC _cFQG _dm.c. _dOCL _dBD-RjUL _beng |
||
| 041 | _aeng | ||
| 082 | 0 | 0 |
_a940.4150924 _bTHW 1924 |
| 100 | 1 |
_aThomas, Lowell, _d1892-1981. _977371 |
|
| 245 | 1 | 0 |
_aWith Lawrence in Arabia / _cby Lowell Thomas. |
| 260 |
_aNew York ; London : _bCentury Co, _cc1924. |
||
| 300 |
_axiv, 408, [53] p of plates : _bill., 2 maps ; _c23 cm. |
||
| 600 | 1 | 0 |
_aLawrence, T. E. _q(Thomas Edward), _d1888-1935. _969790 |
| 650 | 0 |
_aWorld War, 1914-1918 _zArabian Peninsula _971721 |
|
| 942 |
_2ddc _cBK |
||
| 999 |
_c25150 _d25150 |
||